|
|
|
|
| LEADER |
03049nam a22004093i 4500 |
| 001 |
EBC6955654 |
| 003 |
MiAaPQ |
| 005 |
20231204023222.0 |
| 006 |
m o d | |
| 007 |
cr cnu|||||||| |
| 008 |
231204s2015 xx o ||||0 ger d |
| 020 |
|
|
|a 9783839403198
|q (electronic bk.)
|
| 020 |
|
|
|z 9783899423198
|
| 035 |
|
|
|a (MiAaPQ)EBC6955654
|
| 035 |
|
|
|a (Au-PeEL)EBL6955654
|
| 035 |
|
|
|a (OCoLC)1049912780
|
| 040 |
|
|
|a MiAaPQ
|b eng
|e rda
|e pn
|c MiAaPQ
|d MiAaPQ
|
| 100 |
1 |
|
|a Gamm, Gerhard.
|
| 245 |
1 |
0 |
|a Zwischen Anthropologie und Gesellschaftstheorie :
|b Zur Renaissance Helmuth Plessners im Kontext der modernen Lebenswissenschaften.
|
| 250 |
|
|
|a 1st ed.
|
| 264 |
|
1 |
|a Bielefeld :
|b transcript,
|c 2015.
|
| 264 |
|
4 |
|c ©2015.
|
| 300 |
|
|
|a 1 online resource (265 pages)
|
| 336 |
|
|
|a text
|b txt
|2 rdacontent
|
| 337 |
|
|
|a computer
|b c
|2 rdamedia
|
| 338 |
|
|
|a online resource
|b cr
|2 rdacarrier
|
| 490 |
1 |
|
|a Edition panta rei
|
| 505 |
0 |
|
|a Cover Zwischen Anthropologie und Gesellschaftstheorie -- Editorial -- Inhalt -- Vorwort -- Anthropologie -- Philosophische Anthropologie als systematische Philosophie - Anspruch und Grenzen eines gegenwärtigen Denkens -- Natur als Fremdes -- Gesellschaftstheorie -- Umkämpfte Deutungen - Gesellschaftstheorie und die Kritik szientifischer Bestimmungen menschlicher Existenz in der biotechnologischen Medizin -- Der methodologische Ansatz der reflexiven Anthropologie Helmuth Plessners -- Die Rede vom Menschen - die Rede vom Körper: Plessner und Bourdieu -- Wissenschaftsphilosophie der Biologie -- Der Lebensbegriff bei Helmuth Plessner und Josef König. Systematische Rekonstruktion begrifflicher Grundprobleme einer Hermeneutik des Lebens -- Biophilosophie als Kern des Theorieprogramms der Philosophischen Anthropologie. Zur Kritik des wissenschaftlichen Radikalismus -- Das Typusproblem in philosophischer Anthropologie und Biologie - Nivellierungen im Verhältnis von Philosophie und Wissenschaft -- Praktische Vernunft -- Die Verbindlichkeit des Unergründlichen Zu den normativen Grundlagen der Technologiekritik -- »So wie der Mensch sich sieht, wird er.« Überlegungen zur politischen Verantwortung der philosophischen Anthropologie im Anschluss an Helmuth Plessner -- Der Mensch als praktischer Anspruch. Zum Primat des Politischen in Helmuth Plessners Anthropologie -- Autorinnen und Autoren.
|
| 588 |
|
|
|a Description based on publisher supplied metadata and other sources.
|
| 590 |
|
|
|a Electronic reproduction. Ann Arbor, Michigan : ProQuest Ebook Central, 2023. Available via World Wide Web. Access may be limited to ProQuest Ebook Central affiliated libraries.
|
| 655 |
|
4 |
|a Electronic books.
|
| 700 |
1 |
|
|a Gutmann, Mathias.
|
| 700 |
1 |
|
|a Manzei, Alexandra.
|
| 776 |
0 |
8 |
|i Print version:
|a Gamm, Gerhard
|t Zwischen Anthropologie und Gesellschaftstheorie
|d Bielefeld : transcript,c2015
|z 9783899423198
|
| 797 |
2 |
|
|a ProQuest (Firm)
|
| 830 |
|
0 |
|a Edition panta rei
|
| 856 |
4 |
0 |
|u https://ebookcentral.proquest.com/lib/matrademy/detail.action?docID=6955654
|z Click to View
|